000 00826 a2200217 4500
001 60586
005 20260407155857.0
008 260407a2004 arg spa d
003 AR-UNSa-BCEJYS
040 _aAR-UNSa-BCEJYS
_bspa
_cAR-UNSa-BCEJYS
080 _a321.01
_xTeoría general del Estado. Teoría y filosofía del poder. Estado y territorio. Autoridad y oposición. Usurpación (Filosofía política)
245 1 0 _aLa autonomía como búsqueda, el estado como contradicción
020 _a978-950-9217-89-8
264 1 _aBuenos Aires :
_bPrometeo Libros
_c2004
300 _a116 p.
_c17 cm.
505 _a1. La autonomía como mito y como posibilidad – 2. El poder político y la dimensión estatal
041 _aspa
942 _cBK
590 _aniveau_biblio:m niveau_hierar:0
100 1 _aThwaites Rey, Mabel
999 _c7051
_d7051